| 000 | 00588nai a2200181Ia 4500 | ||
|---|---|---|---|
| 003 | IN-BaIIA | ||
| 008 | 211028c9999 xx s 000 0 eng d | ||
| 022 | _a1004-4132 (Online) | ||
| 040 | _cIIA Library | ||
| 245 | 0 |
_aJournal of Systems Engineering and Electronics _h[eJournal] |
|
| 260 |
_aUSA _bBIAI |
||
| 310 | _aBimonthly | ||
| 362 | _a1(1); 1990 - Present | ||
| 521 | _bSubscribed through National Knowledge Resource Consortium (NKRC) | ||
| 650 | _aAerospace | ||
| 856 |
_uhttps://ieeexplore.ieee.org/servlet/opac?punumber=5971804 _yClick Here to Access eJournal |
||
| 942 | _cEJ | ||
| 999 |
_c35225 _d35225 |
||